Statistics for All Champions League Teams 21/22

Click here to take the quiz!

General Stats

  • This quiz has been taken 15 times
  • The average score is 21 of 32

Answer Stats

Answer% Correct
Real Madrid
100%
Chelsea
93%
Manchester City
93%
Barcelona
87%
Bayern Munich
87%
Benfica
87%
Liverpool
87%
Manchester United
87%
Atletico Madrid
80%
Inter Milan
80%
Juventus
80%
AC Milan
73%
Ajax
73%
FC Porto
73%
Psg
73%
Borussia
67%
Dynamo Kyiv
67%
Villareal
67%
Atalanta
60%
Club Brugge
60%
Lille
60%
RB Leipzig
53%
Sevilla
53%
Young Boys
53%
Zenit
53%
Wolfsburg
47%
Besiktas
40%
Malmo
40%
Salzburg
40%
Sheriff
40%
Shakhtar Donetsk
27%
Sporting CP
13%

Score Distribution

Percentile by Number Answered

Percent of People with Each Score

Your Score History

You have not taken this quiz